Chọn lọc các dòng đậu nành (Glyncine max (L.) Merrill) chống chịu mặn bằng phương pháp nuôi cấy mô : Báo cáo đề tài khoa học và công nghệ cấp Trường

Đánh giá mức độ chịu mặn của đậu nành, xác định môi trường nuôi cấy mô cây đạu ành thích hợp để tạo nguồn vật liệu mô sẹo cho nghiên cứu và đánh giá khả năng chịu mặn của đậu nành ở mức độ mô sẹo....

Descripció completa

Guardat en:
Dades bibliogràfiques
Autor principal: Lê, Hồng Giang
Format: Llibre
Idioma:Undetermined
Publicat: Cần Thơ Trường Đại học Cần Thơ 2015
Matèries:
Etiquetes: Afegir etiqueta
Sense etiquetes, Sigues el primer a etiquetar aquest registre!
Thư viện lưu trữ: Trung tâm Học liệu Trường Đại học Cần Thơ
LEADER 01313nam a2200241Ia 4500
001 CTU_210424
008 210402s9999 xx 000 0 und d
082 |a 633.34 
082 |b Gi106 
088 |a T2014-90 
100 |a Lê, Hồng Giang 
245 0 |a Chọn lọc các dòng đậu nành (Glyncine max (L.) Merrill) chống chịu mặn bằng phương pháp nuôi cấy mô : 
245 0 |b Báo cáo đề tài khoa học và công nghệ cấp Trường 
245 0 |c Lê Hồng Giang (chủ nhiệm đề tài) 
260 |a Cần Thơ 
260 |b Trường Đại học Cần Thơ 
260 |c 2015 
520 |a Đánh giá mức độ chịu mặn của đậu nành, xác định môi trường nuôi cấy mô cây đạu ành thích hợp để tạo nguồn vật liệu mô sẹo cho nghiên cứu và đánh giá khả năng chịu mặn của đậu nành ở mức độ mô sẹo. 
650 |a Soybean,Soybean seed research conference,Đậu nành,Chọn lọc nghiên cứu giống đậu nành 
650 |x Breeding,Kỹ thuật trồng 
904 |i Nguyễn văn Môi,Qhieu 
915 |a NN 
980 |a Trung tâm Học liệu Trường Đại học Cần Thơ